Akademi kehidupan untuk remaja kreatif

Bibliographic Details
Main Author: Mohd Syarafuddin Sulaiman
Format: Book
Published: Pahang : PTS Millennia , 2006
Series:Siri bina diri
Subjects:

MARC

LEADER 00000cam a2200000 7i4500
001 0000011883
005 20160330.0
008 071120
020 |a 9833603017 
090 0 0 |a 158.0835   |b MOH 
100 0 |a Mohd Syarafuddin Sulaiman 
245 1 0 |a Akademi kehidupan untuk remaja kreatif   |c Mohd Syarafuddin Sulaiman 
260 |a Pahang :   |b PTS Millennia ,   |c 2006 
440 |a Siri bina diri 
500 |a Teenager ages 13-18 years old (blue) 
650 0 |a Malay fiction 
650 0 |a Teenagers   |x Conduct of life 
650 0 |a Teenagers   |x Life skills guides 
999 |a 0000922349   |b Book   |c Adult Collection   |e Cawangan Bukit Gambir 
999 |a 0000932849   |b Book   |c Adult Collection   |e Cawangan Tangkak 
999 |a 0000932851   |b Book   |c Adult Collection   |e Cawangan Tangkak 
999 |a 0001004065   |b Book   |c Teenagers   |e Perbadanan Perpustakaan Awam Johor 
999 |a 0001004066   |b Book   |c Teenagers   |e Perbadanan Perpustakaan Awam Johor 
999 |a 0001004067   |b Book   |c Teenagers   |e Perbadanan Perpustakaan Awam Johor 
999 |a 0001004068   |b Book   |c Teenagers   |e Perbadanan Perpustakaan Awam Johor